<?xml version="1.0" encoding="UTF-8"?>
<record
    xmlns:xsi="http://www.w3.org/2001/XMLSchema-instance"
    xsi:schemaLocation="http://www.loc.gov/MARC21/slim http://www.loc.gov/standards/marcxml/schema/MARC21slim.xsd"
    xmlns="http://www.loc.gov/MARC21/slim">

  <leader>00334nam a2200145Ia 4500</leader>
  <controlfield tag="008">191201s2003    xx            000 0 und d</controlfield>
  <datafield tag="082" ind1=" " ind2=" ">
    <subfield code="a">005.74</subfield>
    <subfield code="b">RAD</subfield>
  </datafield>
  <datafield tag="100" ind1=" " ind2=" ">
    <subfield code="a">RAMAKRISHNAN, Raghu</subfield>
  </datafield>
  <datafield tag="245" ind1=" " ind2="0">
    <subfield code="a">Database Management Systems</subfield>
  </datafield>
  <datafield tag="250" ind1=" " ind2=" ">
    <subfield code="a">3rd</subfield>
  </datafield>
  <datafield tag="260" ind1=" " ind2=" ">
    <subfield code="a">N.Delhi</subfield>
    <subfield code="b">TMH</subfield>
    <subfield code="c">2003</subfield>
  </datafield>
  <datafield tag="300" ind1=" " ind2=" ">
    <subfield code="a">1065</subfield>
  </datafield>
  <datafield tag="650" ind1=" " ind2=" ">
    <subfield code="a">MCA</subfield>
  </datafield>
  <datafield tag="942" ind1=" " ind2=" ">
    <subfield code="2">ddc</subfield>
    <subfield code="c">BK</subfield>
  </datafield>
  <datafield tag="999" ind1=" " ind2=" ">
    <subfield code="c">3719</subfield>
    <subfield code="d">3719</subfield>
  </datafield>
  <datafield tag="952" ind1=" " ind2=" ">
    <subfield code="0">0</subfield>
    <subfield code="1">0</subfield>
    <subfield code="2">ddc</subfield>
    <subfield code="4">0</subfield>
    <subfield code="7">0</subfield>
    <subfield code="8">MCA</subfield>
    <subfield code="a">PIET</subfield>
    <subfield code="b">PIET</subfield>
    <subfield code="d">2008-12-27</subfield>
    <subfield code="e">J B C, New Delhi</subfield>
    <subfield code="k">SI-4768</subfield>
    <subfield code="l">3</subfield>
    <subfield code="o">005.74 RAD</subfield>
    <subfield code="p">10881</subfield>
    <subfield code="r">2024-12-17 00:00:00</subfield>
    <subfield code="s">2024-11-23</subfield>
    <subfield code="w">2008-12-20</subfield>
    <subfield code="y">BK</subfield>
  </datafield>
  <datafield tag="952" ind1=" " ind2=" ">
    <subfield code="0">0</subfield>
    <subfield code="1">0</subfield>
    <subfield code="2">ddc</subfield>
    <subfield code="4">0</subfield>
    <subfield code="7">0</subfield>
    <subfield code="8">MCA</subfield>
    <subfield code="a">PIET</subfield>
    <subfield code="b">PIET</subfield>
    <subfield code="d">2008-12-27</subfield>
    <subfield code="e">J B C, New Delhi</subfield>
    <subfield code="k">SI-4768</subfield>
    <subfield code="l">2</subfield>
    <subfield code="o">005.74 RAD</subfield>
    <subfield code="p">10882</subfield>
    <subfield code="r">2025-07-01 00:00:00</subfield>
    <subfield code="s">2025-06-19</subfield>
    <subfield code="w">2008-12-20</subfield>
    <subfield code="y">BK</subfield>
  </datafield>
  <datafield tag="952" ind1=" " ind2=" ">
    <subfield code="0">0</subfield>
    <subfield code="1">0</subfield>
    <subfield code="2">ddc</subfield>
    <subfield code="4">0</subfield>
    <subfield code="7">0</subfield>
    <subfield code="8">CSECS</subfield>
    <subfield code="a">PIET</subfield>
    <subfield code="b">PIET</subfield>
    <subfield code="d">2008-12-27</subfield>
    <subfield code="e">J B C, New Delhi</subfield>
    <subfield code="k">SI-4768</subfield>
    <subfield code="l">4</subfield>
    <subfield code="o">005.74 RAD</subfield>
    <subfield code="p">10883</subfield>
    <subfield code="r">2026-04-28 13:00:47</subfield>
    <subfield code="s">2026-04-09</subfield>
    <subfield code="w">2008-12-20</subfield>
    <subfield code="y">BK</subfield>
  </datafield>
  <datafield tag="952" ind1=" " ind2=" ">
    <subfield code="0">0</subfield>
    <subfield code="1">0</subfield>
    <subfield code="2">ddc</subfield>
    <subfield code="4">0</subfield>
    <subfield code="7">0</subfield>
    <subfield code="8">CSECS</subfield>
    <subfield code="a">PIET</subfield>
    <subfield code="b">PIET</subfield>
    <subfield code="d">2008-12-27</subfield>
    <subfield code="e">J B C, New Delhi</subfield>
    <subfield code="k">SI-4768</subfield>
    <subfield code="l">3</subfield>
    <subfield code="o">005.74 RAD</subfield>
    <subfield code="p">10884</subfield>
    <subfield code="r">2023-10-18 00:00:00</subfield>
    <subfield code="s">2023-10-05</subfield>
    <subfield code="w">2008-12-20</subfield>
    <subfield code="y">BK</subfield>
  </datafield>
  <datafield tag="952" ind1=" " ind2=" ">
    <subfield code="0">0</subfield>
    <subfield code="1">0</subfield>
    <subfield code="2">ddc</subfield>
    <subfield code="4">0</subfield>
    <subfield code="7">0</subfield>
    <subfield code="8">CSEAIML</subfield>
    <subfield code="a">PIET</subfield>
    <subfield code="b">PIET</subfield>
    <subfield code="d">2008-12-27</subfield>
    <subfield code="e">J B C, New Delhi</subfield>
    <subfield code="k">SI-4768</subfield>
    <subfield code="l">2</subfield>
    <subfield code="o">005.74 RAD</subfield>
    <subfield code="p">10885</subfield>
    <subfield code="r">2025-01-02 00:00:00</subfield>
    <subfield code="s">2024-12-30</subfield>
    <subfield code="w">2008-12-20</subfield>
    <subfield code="y">BK</subfield>
  </datafield>
  <datafield tag="952" ind1=" " ind2=" ">
    <subfield code="0">0</subfield>
    <subfield code="1">0</subfield>
    <subfield code="2">ddc</subfield>
    <subfield code="4">0</subfield>
    <subfield code="7">0</subfield>
    <subfield code="8">BTECHCSE</subfield>
    <subfield code="a">PIET</subfield>
    <subfield code="b">PIET</subfield>
    <subfield code="d">2012-07-05</subfield>
    <subfield code="e">IBH, New Delhi</subfield>
    <subfield code="g">12.50</subfield>
    <subfield code="k">4865</subfield>
    <subfield code="l">2</subfield>
    <subfield code="o">005.74 RAD</subfield>
    <subfield code="p">19355</subfield>
    <subfield code="r">2023-03-01 00:00:00</subfield>
    <subfield code="s">2023-02-15</subfield>
    <subfield code="w">2012-07-03</subfield>
    <subfield code="y">BK</subfield>
  </datafield>
  <datafield tag="952" ind1=" " ind2=" ">
    <subfield code="0">0</subfield>
    <subfield code="1">0</subfield>
    <subfield code="2">ddc</subfield>
    <subfield code="4">0</subfield>
    <subfield code="7">0</subfield>
    <subfield code="8">BTECHCSE</subfield>
    <subfield code="a">PIET</subfield>
    <subfield code="b">PIET</subfield>
    <subfield code="d">2012-07-05</subfield>
    <subfield code="e">IBH, New Delhi</subfield>
    <subfield code="g">12.50</subfield>
    <subfield code="k">4865</subfield>
    <subfield code="l">0</subfield>
    <subfield code="o">005.74 RAD</subfield>
    <subfield code="p">19356</subfield>
    <subfield code="r">2019-12-04 00:00:00</subfield>
    <subfield code="w">2012-07-03</subfield>
    <subfield code="y">BK</subfield>
  </datafield>
  <datafield tag="952" ind1=" " ind2=" ">
    <subfield code="0">0</subfield>
    <subfield code="1">0</subfield>
    <subfield code="2">ddc</subfield>
    <subfield code="4">0</subfield>
    <subfield code="7">0</subfield>
    <subfield code="8">BTECHCSE</subfield>
    <subfield code="a">PIET</subfield>
    <subfield code="b">PIET</subfield>
    <subfield code="d">2012-07-05</subfield>
    <subfield code="e">IBH, New Delhi</subfield>
    <subfield code="g">12.50</subfield>
    <subfield code="k">4865</subfield>
    <subfield code="l">0</subfield>
    <subfield code="o">005.74 RAD</subfield>
    <subfield code="p">19357</subfield>
    <subfield code="r">2019-12-04 00:00:00</subfield>
    <subfield code="w">2012-07-03</subfield>
    <subfield code="y">BK</subfield>
  </datafield>
  <datafield tag="952" ind1=" " ind2=" ">
    <subfield code="0">0</subfield>
    <subfield code="1">0</subfield>
    <subfield code="2">ddc</subfield>
    <subfield code="4">0</subfield>
    <subfield code="7">0</subfield>
    <subfield code="8">BTECHCSE</subfield>
    <subfield code="a">PIET</subfield>
    <subfield code="b">PIET</subfield>
    <subfield code="d">2012-07-05</subfield>
    <subfield code="e">IBH, New Delhi</subfield>
    <subfield code="g">12.50</subfield>
    <subfield code="k">4865</subfield>
    <subfield code="l">0</subfield>
    <subfield code="o">005.74 RAD</subfield>
    <subfield code="p">19358</subfield>
    <subfield code="r">2019-12-04 00:00:00</subfield>
    <subfield code="w">2012-07-03</subfield>
    <subfield code="y">BK</subfield>
  </datafield>
  <datafield tag="952" ind1=" " ind2=" ">
    <subfield code="0">0</subfield>
    <subfield code="1">0</subfield>
    <subfield code="2">ddc</subfield>
    <subfield code="4">0</subfield>
    <subfield code="7">0</subfield>
    <subfield code="8">BTECHCSE</subfield>
    <subfield code="a">PIET</subfield>
    <subfield code="b">PIET</subfield>
    <subfield code="d">2012-07-05</subfield>
    <subfield code="e">IBH, New Delhi</subfield>
    <subfield code="g">12.50</subfield>
    <subfield code="k">4865</subfield>
    <subfield code="l">0</subfield>
    <subfield code="o">005.74 RAD</subfield>
    <subfield code="p">19359</subfield>
    <subfield code="r">2019-12-04 00:00:00</subfield>
    <subfield code="w">2012-07-03</subfield>
    <subfield code="y">BK</subfield>
  </datafield>
</record>
